Poistenie pracovného úrazu v Belgicku
Objasnenie belgického systému odškodnenia v prípade pracovných úrazov, uplatňovaného v súkromnom sektore. Význam poistenia pracovného úrazu. Pôvod legislatívy o pracovných úrazoch. Zákon o pracovných úrazoch. Pojem pracovného úrazu. Odškodnenie v prípade smrti, trvalej alebo dočasnej invalidity. Poi...
Salvato in:
| Natura: | Capitolo di libro |
|---|---|
| Lingua: | slovacco |
| Soggetti: | |
| Tags: |
Nessun Tag, puoi essere il primo ad aggiungerne!!
|
MARC
| LEADER | 00000naa a2200000 4500 | ||
|---|---|---|---|
| 001 | r033659 | ||
| 005 | 20230918102418.7 | ||
| 041 | 0 | |a slo | |
| 044 | |a SK | ||
| 245 | 1 | 0 | |a Poistenie pracovného úrazu v Belgicku |
| 520 | |a Objasnenie belgického systému odškodnenia v prípade pracovných úrazov, uplatňovaného v súkromnom sektore. Význam poistenia pracovného úrazu. Pôvod legislatívy o pracovných úrazoch. Zákon o pracovných úrazoch. Pojem pracovného úrazu. Odškodnenie v prípade smrti, trvalej alebo dočasnej invalidity. Poistenie zamestnávateľov. | ||
| 610 | 2 | 0 | |a poistenie |
| 610 | 2 | 0 | |a úrazy pracovné |
| 610 | 2 | 0 | |a Belgicko |
| 610 | 2 | 0 | |a legislatíva |
| 610 | 2 | 0 | |a odškodnenie |
| 610 | 2 | 0 | |a poistenie |
| 610 | 2 | 0 | |a zamestnávatelia |